The complete cat breed book / (Record no. 372)

MARC details
000 -LEADER
fixed length control field 01264cam a22003617a 4500
005 - DATE AND TIME OF LATEST TRANSACTION
control field 20260322212017.0
008 - FIXED-LENGTH DATA ELEMENTS--GENERAL INFORMATION
fixed length control field data
010 ## - LIBRARY OF CONGRESS CONTROL NUMBER
LC control number 2012554447
016 7# - NATIONAL BIBLIOGRAPHIC AGENCY CONTROL NUMBER
Record control number 016225403
Source Uk
020 ## - INTERNATIONAL STANDARD BOOK NUMBER
International Standard Book Number 9781465408518
020 ## - INTERNATIONAL STANDARD BOOK NUMBER
International Standard Book Number 1465408517
020 ## - INTERNATIONAL STANDARD BOOK NUMBER
International Standard Book Number 1465408517
040 ## - CATALOGING SOURCE
Original cataloging agency BTCTA
Language of cataloging eng
Transcribing agency BTCTA
Modifying agency DLC
-- BDX
-- NZROP
-- OCLCO
-- JST
-- FOLLT
-- DLC
042 ## - AUTHENTICATION CODE
Authentication code lccopycat
050 00 - LIBRARY OF CONGRESS CALL NUMBER
Classification number SF442
Item number .C66 2013
082 04 - DEWEY DECIMAL CLASSIFICATION NUMBER
Classification number 636.8
Edition information 23
092 ## - LOCALLY ASSIGNED DEWEY CALL NUMBER (OCLC)
Classification number 636.8 C66 2013
001 - CONTROL NUMBER
control field data
245 04 - TITLE STATEMENT
Title The complete cat breed book /
Statement of responsibility, etc. edited by Kim Dennis-Bryan & DK Publishing, Inc.
246 1# - VARYING FORM OF TITLE
Display text Title appears on item as:
Title proper/short title DK the complete cat breed book.
250 ## - EDITION STATEMENT
Edition statement 1st American ed.
260 ## - PUBLICATION, DISTRIBUTION, ETC.
Place of publication, distribution, etc. New York :
Name of publisher, distributor, etc. DK Publishing,
Date of publication, distribution, etc. 2013.
300 ## - PHYSICAL DESCRIPTION
Extent 256 p. :
Other physical details col. ill. ;
Dimensions 25 cm.
504 ## - BIBLIOGRAPHY, ETC. NOTE
Bibliography, etc. note Includes index.
650 #0 - SUBJECT ADDED ENTRY--TOPICAL TERM
Topical term or geographic name entry element Cat breeds.
650 #7 - SUBJECT ADDED ENTRY--TOPICAL TERM
Topical term or geographic name entry element Pets.
Source of heading or term eflch
700 1# - ADDED ENTRY--PERSONAL NAME
Personal name Dennis-Bryan, Kim.
710 2# - ADDED ENTRY--CORPORATE NAME
Corporate name or jurisdiction name as entry element DK Publishing, Inc.
856 42 - ELECTRONIC LOCATION AND ACCESS
Materials specified Publisher description
Uniform Resource Identifier <a href="http://www.loc.gov/catdir/enhancements/fy1313/2012554447-d.html">http://www.loc.gov/catdir/enhancements/fy1313/2012554447-d.html</a>
906 ## - LOCAL DATA ELEMENT F, LDF (RLIN)
a 7
b cbc
c copycat
d 2
e ncip
f 20
g y-gencatlg
925 0# -
-- acquire
-- 2 shelf copies
-- policy default
955 ## - COPY-LEVEL INFORMATION (RLIN)
-- xh14 2013-06-27 copy 2 to CALM
Holdings
Withdrawn status Lost status Damaged status Not for loan Home library Current library Shelving location Date acquired Total checkouts Full call number Barcode Date last seen Price effective from Koha item type
        Union Union General stacks 22/03/2026   636.8 23 BC0010382 22/03/2026 22/03/2026 Books